[Event "East Kilbride Weekly op 4th"]
[Site "East Kilbride"]
[Date "2011.05.26"]
[Round "4"]
[White "Van Heese, Jan"]
[Black "Pathi, Fintan"]
[Result "1/2-1/2"]
[WhiteElo "804"]
[BlackElo "460"]
[PlyCount "63"]
[EventDate "2011.05.??"]
[EventType "swiss"]
[EventRounds "5"]
[EventCountry "SCO"]
[SourceTitle "EXT 2023"]
[Source "ChessBase"]
[SourceDate "2022.10.05"]
[SourceVersion "1"]
[SourceVersionDate "2022.10.05"]
[SourceQuality "1"]

1. e4 e5 2. Nf3 Nc6 3. Nc3 Nf6 4. Bb5 Bc5 5. Bxc6 bxc6 6. Nxe5 Bd4 7. Nf3 Bxc3 8. dxc3 Nxe4 9. Qe2 Qe7 10. Bg5 Qe6 11. 0-0 Nxg5 12. Qxe6+ Nxe6 13. Rfe1 0-0 14. Rad1 Bb7 15. Rxd7 Rad8 16. Rxd8 Rxd8 17. h4 h6 18. Re5 c5 19. Rf5 Bxf3 20. Rxf3 Rd2 21. b4 cxb4 22. cxb4 Rxc2 23. Ra3 c5 24. bxc5 Nxc5 25. Rxa7 Rc1+ 26. Kh2 Rc2 27. Rc7 Rc3 28. a4 Nxa4 29. Rxc3 Nxc3 30. Kg3 Kh7 31. Kf3 Kg6 32. Ke3 1/2-1/2